<?xml version="1.0" encoding="UTF-8"?>
<record
    xmlns:xsi="http://www.w3.org/2001/XMLSchema-instance"
    xsi:schemaLocation="http://www.loc.gov/MARC21/slim http://www.loc.gov/standards/marcxml/schema/MARC21slim.xsd"
    xmlns="http://www.loc.gov/MARC21/slim">

  <leader>01397namaa2200301 i 4500</leader>
  <controlfield tag="003">EG-GICUC</controlfield>
  <controlfield tag="005">20260411144242.0</controlfield>
  <controlfield tag="008">260411s1982    iq  |||jr|||| 001 0 ara d</controlfield>
  <datafield tag="040" ind1=" " ind2=" ">
    <subfield code="a">EG-GiCUC</subfield>
    <subfield code="b">ara</subfield>
    <subfield code="c">EG-GiCUC</subfield>
    <subfield code="d">EG-GiCUC</subfield>
    <subfield code="e">rda</subfield>
  </datafield>
  <datafield tag="082" ind1="0" ind2="4">
    <subfield code="2">21</subfield>
    <subfield code="a">415.1</subfield>
    <subfield code="b">H154i</subfield>
  </datafield>
  <datafield tag="092" ind1="0" ind2="4">
    <subfield code="2">21</subfield>
    <subfield code="a">415.1</subfield>
    <subfield code="b">H154i</subfield>
  </datafield>
  <datafield tag="099" ind1=" " ind2=" ">
    <subfield code="a">415.1 H154i</subfield>
  </datafield>
  <datafield tag="100" ind1="1" ind2=" ">
    <subfield code="a">&#x627;&#x628;&#x646; &#x627;&#x644;&#x62D;&#x627;&#x62C;&#x628;&#x60C; &#x639;&#x62B;&#x645;&#x627;&#x646; &#x628;&#x646; &#x639;&#x645;&#x631;</subfield>
    <subfield code="d">1175-1249</subfield>
    <subfield code="e">&#x645;&#x624;&#x644;&#x641;.</subfield>
  </datafield>
  <datafield tag="245" ind1="1" ind2="2">
    <subfield code="a">&#x627;&#x644;&#x623;&#x64A;&#x636;&#x627;&#x62D; &#x641;&#x649; &#x634;&#x631;&#x62D; &#x627;&#x644;&#x645;&#x641;&#x635;&#x644;/</subfield>
    <subfield code="c">&#x644;&#x644;&#x634;&#x64A;&#x62E; &#x627;&#x628;&#x649; &#x639;&#x645;&#x631;&#x648; &#x639;&#x62B;&#x645;&#x627;&#x646; &#x628;&#x646; &#x639;&#x645;&#x631; &#x627;&#x644;&#x645;&#x639;&#x631;&#x648;&#x641; &#x628;&#x627;&#x628;&#x646; &#x627;&#x644;&#x62D;&#x627;&#x62C;&#x628; &#x627;&#x644;&#x646;&#x62D;&#x648;&#x649; &#x61B; &#x62A;&#x62D;&#x642;&#x64A;&#x642; &#x648;&#x62A;&#x642;&#x62F;&#x64A;&#x645; &#x627;&#x644;&#x62F;&#x643;&#x62A;&#x648;&#x631; &#x645;&#x648;&#x633;&#x649; &#x628;&#x646;&#x627;&#x649; &#x627;&#x644;&#x639;&#x644;&#x64A;&#x644;&#x649;.</subfield>
  </datafield>
  <datafield tag="246" ind1="3" ind2="5">
    <subfield code="a">Al Eidah Fi Sharh Al Mouffassal</subfield>
  </datafield>
  <datafield tag="264" ind1=" " ind2=" ">
    <subfield code="a">&#x627;&#x644;&#x639;&#x631;&#x627;&#x642; :</subfield>
    <subfield code="b">&#x648;&#x632;&#x627;&#x631;&#x629; &#x627;&#x644;&#x627;&#x648;&#x642;&#x627;&#x641; &#x648;&#x627;&#x644;&#x634;&#x624;&#x648;&#x646; &#x627;&#x644;&#x62F;&#x64A;&#x646;&#x64A;&#x629;&#x60C; &#x623;&#x62D;&#x64A;&#x627;&#x621; &#x627;&#x644;&#x62A;&#x631;&#x627;&#x62B; &#x627;&#x644;&#x623;&#x633;&#x644;&#x627;&#x645;&#x649;&#x60C;</subfield>
    <subfield code="c">1982.</subfield>
  </datafield>
  <datafield tag="300" ind1=" " ind2=" ">
    <subfield code="a">&#x645;&#x62C;&#x644;&#x62F; 2 &#x61B;</subfield>
    <subfield code="c">25 &#x633;&#x645;</subfield>
    <subfield code="b">&#x625;&#x64A;&#x636;&#x627;&#x62D;&#x64A;&#x627;&#x62A;&#x60C; &#x635;&#x648;&#x631;&#x60C; &#x645;&#x62B;&#x64A;&#x644;&#x64A;&#x627;&#x62A; &#x61B; Illustrations</subfield>
  </datafield>
  <datafield tag="336" ind1=" " ind2=" ">
    <subfield code="2">rdacontent</subfield>
    <subfield code="a">text</subfield>
  </datafield>
  <datafield tag="337" ind1=" " ind2=" ">
    <subfield code="2">rdamedia</subfield>
    <subfield code="a">Unmediated</subfield>
  </datafield>
  <datafield tag="338" ind1=" " ind2=" ">
    <subfield code="2">rdacarrier</subfield>
    <subfield code="a">volume</subfield>
  </datafield>
  <datafield tag="504" ind1=" " ind2=" ">
    <subfield code="a">&#x64A;&#x634;&#x62A;&#x645;&#x644; &#x639;&#x644;&#x649; &#x627;&#x631;&#x62C;&#x627;&#x639;&#x627;&#x62A; &#x628;&#x628;&#x644;&#x64A;&#x648;&#x62C;&#x631;&#x627;&#x641;&#x64A;&#x629; &#x648;&#x641;&#x647;&#x627;&#x631;&#x633;.</subfield>
  </datafield>
  <datafield tag="541" ind1=" " ind2=" ">
    <subfield code="a">&#x62F;. &#x62C;&#x627;&#x628;&#x631; &#x639;&#x635;&#x641;&#x648;&#x631; &#x61B;</subfield>
    <subfield code="b">&#x627;&#x644;&#x642;&#x627;&#x647;&#x631;&#x629; &#x61B;</subfield>
    <subfield code="c">&#x625;&#x647;&#x62F;&#x627;&#x621; &#x61B;</subfield>
    <subfield code="d">2024.</subfield>
  </datafield>
  <datafield tag="650" ind1="1" ind2="7">
    <subfield code="a">&#x627;&#x644;&#x644;&#x63A;&#x629; &#x627;&#x644;&#x639;&#x631;&#x628;&#x64A;&#x629; </subfield>
    <subfield code="x">&#x627;&#x644;&#x646;&#x62D;&#x648;</subfield>
    <subfield code="2">qrmak</subfield>
  </datafield>
  <datafield tag="651" ind1="1" ind2=" ">
    <subfield code="2">qrmak</subfield>
  </datafield>
  <datafield tag="700" ind1="1" ind2=" ">
    <subfield code="a">&#x627;&#x644;&#x639;&#x644;&#x64A;&#x644;&#x649;&#x60C; &#x645;&#x648;&#x633;&#x649; &#x628;&#x646;&#x627;&#x649;</subfield>
    <subfield code="e">&#x645;&#x62D;&#x642;&#x642;.</subfield>
    <subfield code="e">&#x645;&#x642;&#x62F;&#x645;.</subfield>
  </datafield>
  <datafield tag="905" ind1=" " ind2=" ">
    <subfield code="a">Aya</subfield>
  </datafield>
  <datafield tag="942" ind1=" " ind2=" ">
    <subfield code="2">ddc</subfield>
    <subfield code="c">BK</subfield>
    <subfield code="e">21</subfield>
    <subfield code="n">0</subfield>
  </datafield>
  <datafield tag="999" ind1=" " ind2=" ">
    <subfield code="c">179383</subfield>
    <subfield code="d">179383</subfield>
  </datafield>
  <datafield tag="952" ind1=" " ind2=" ">
    <subfield code="0">0</subfield>
    <subfield code="1">0</subfield>
    <subfield code="2">ddc</subfield>
    <subfield code="4">0</subfield>
    <subfield code="7">1</subfield>
    <subfield code="a">CUCL</subfield>
    <subfield code="b">cl410</subfield>
    <subfield code="d">2026-04-11</subfield>
    <subfield code="i">175204</subfield>
    <subfield code="l">0</subfield>
    <subfield code="o">415.1 H154i v.1 J.U.</subfield>
    <subfield code="p">01000100175204001</subfield>
    <subfield code="r">2026-04-11 13:38:00</subfield>
    <subfield code="w">2026-04-11</subfield>
    <subfield code="y">BK</subfield>
  </datafield>
  <datafield tag="952" ind1=" " ind2=" ">
    <subfield code="0">0</subfield>
    <subfield code="1">0</subfield>
    <subfield code="2">ddc</subfield>
    <subfield code="4">0</subfield>
    <subfield code="7">1</subfield>
    <subfield code="a">CUCL</subfield>
    <subfield code="b">cl410</subfield>
    <subfield code="d">2026-04-11</subfield>
    <subfield code="i">175204</subfield>
    <subfield code="l">0</subfield>
    <subfield code="o">415.1 H154i v.2 J.U.</subfield>
    <subfield code="p">01000100175204002</subfield>
    <subfield code="r">2026-04-11 13:38:39</subfield>
    <subfield code="w">2026-04-11</subfield>
    <subfield code="y">BK</subfield>
  </datafield>
</record>
